[Event "Milan Carnevale op-B 5th"]
[Site "Milan"]
[Date "2014.03.08"]
[Round "4"]
[White "Nassiri, Shair"]
[Black "Alidosi, Marco"]
[Result "1-0"]
[WhiteElo "1512"]
[BlackElo "1752"]
[PlyCount "53"]
[EventDate "2014.03.05"]
[EventType "swiss"]
[EventRounds "6"]
[EventCountry "ITA"]
[SourceTitle "EXT 2015"]
[Source "ChessBase"]
[SourceDate "2014.11.20"]
[SourceVersion "1"]
[SourceVersionDate "2014.11.20"]
[SourceQuality "1"]

1. d4 Nf6 2. c4 c5 3. e3 g6 4. Nf3 Bg7 5. Nc3 0-0 6. d5 d6 7. Be2 Nfd7 8. Bd2 Na6 9. 0-0 Nc7 10. Rc1 b5 11. cxb5 a6 12. bxa6 Bxa6 13. a3 Bxe2 14. Qxe2 Qb8 15. Rb1 Qb7 16. e4 Qa6 17. Qxa6 Rxa6 18. Rfe1 Rb8 19. Rec1 Kf8 20. h3 Nb6 21. Nd1 Nb5 22. Bc3 Nxc3 23. Nxc3 Nc4 24. Rc2 Bxc3 25. Rxc3 Nxa3 26. Ra1 Rxb2 27. Rcxa3 1-0

[Event "Milan Carnevale op-B 5th"]
[Site "Milan"]
[Date "2014.03.06"]
[Round "2"]
[White "Quagliarella, Sabino Remo"]
[Black "Nassiri, Shair"]
[Result "1/2-1/2"]
[WhiteElo "1863"]
[BlackElo "1512"]
[PlyCount "123"]
[EventDate "2014.03.05"]
[EventType "swiss"]
[EventRounds "6"]
[EventCountry "ITA"]
[SourceTitle "EXT 2015"]
[Source "ChessBase"]
[SourceDate "2014.11.20"]
[SourceVersion "1"]
[SourceVersionDate "2014.11.20"]
[SourceQuality "1"]

1. d4 d5 2. c4 c6 3. Nf3 Nf6 4. Nc3 e6 5. Bg5 Bd6 6. e3 Nbd7 7. Rc1 Qa5 8. Bxf6 Nxf6 9. c5 Bb8 10. Bd3 b6 11. cxb6 axb6 12. 0-0 Ba6 13. a3 Bxd3 14. Qxd3 Qa6 15. Qc2 0-0 16. e4 Bf4 17. Rcd1 dxe4 18. Nxe4 Nd5 19. g3 Bh6 20. Neg5 Bxg5 21. Nxg5 Nf6 22. Rd3 h6 23. Nf3 Rad8 24. Rc3 Rd5 25. Rxc6 Rh5 26. Rc1 Qb5 27. Rc8 g6 28. Rxf8+ Kxf8 29. Ne5 Rf5 30. Qc4 Qxb2 31. Qb4+ Qxb4 32. axb4 Ne4 33. Rc2 Kg7 34. f3 Nf6 35. Rc7 Nd5 36. Rb7 g5 37. b5 Nc3 38. Kf2 Nxb5 39. g4 Rf4 40. Nc6 Nxd4 41. Nxd4 Rxd4 42. Rxb6 Rd2+ 43. Kg3 Kg6 44. h4 gxh4+ 45. Kxh4 Re2 46. Kg3 h5 47. gxh5+ Kxh5 48. Kf4 f6 49. Rb1 Kg6 50. Rg1+ Kf7 51. Ra1 Rc2 52. Ra4 Kg6 53. Kg3 e5 54. Rg4+ Kf5 55. Ra4 Rd2 56. Rb4 Kg6 57. Rg4+ Kf7 58. Ra4 Rd3 59. Ra7+ Ke6 60. Kf2 Rb3 61. Ra4 Kd5 62. Rh4 1/2-1/2